| 000 | 00456cam a2200193 4500 | ||
|---|---|---|---|
| 001 | D13574 | ||
| 008 | 090401t1925 xxu||||| |||| 00| 0 eng d | ||
| 035 | _a(Sirsi) u94476 | ||
| 041 | _aeng | ||
| 100 | _aParry, R. | ||
| 245 | 4 | _aThe application, use and construction of valuation tables | |
| 250 | _a2nd | ||
| 260 |
_bEstates Gazette _c1925 |
||
| 350 | _a0 | ||
| 520 | _aShelf 133 | ||
| 700 | _aGunbrall, L.B. | ||
| 942 | _n0 | ||
| 948 | _c04/03/1997 | ||
| 999 |
_c98054 _d98054 |
||